000 00369nam a2200121Ia 4500
005 20251222141908.0
008 251222s9999||||xx |||||||||||||| ||spa||
020 _a0
082 _a328.365.8/C76
100 _aPerú. Congreso. Comisión de Derechos Humanos y Pacificación.
245 0 _aCompilación de Instrumentos Internacionales sobre Derechos Humanos
942 _cLIB
999 _c8275
_d8275